000 00420nam a2200145Ia 4500
008 100415s9999 xx 000 0 und d
082 _b12934
_a771
100 _aThiagarajan S
245 _aYou can do it!: Practical Photography
260 _aMADURAI
_c1984
_bENNES PUBLICATIONS
365 _b25
630 _aYou can do it!: Practical Photography
730 _aYou can do it!: Practical Photography
942 _cBOOK
999 _c595851
_d595848